[Event "Tenerife-chT Primera"]
[Site "Tenerife"]
[Date "2021.03.20"]
[Round "4.4"]
[White "Calvo Nobrega, Joaquin Manuel"]
[Black "Hernandez Gutierrez, Acoraide"]
[Result "1/2-1/2"]
[WhiteElo "1613"]
[BlackElo "1530"]
[PlyCount "102"]
[EventDate "2021.02.27"]
[EventType "team-tourn"]
[EventRounds "14"]
[EventCountry "ESP"]
[SourceTitle "EXT 2023"]
[Source "ChessBase"]
[SourceDate "2022.10.05"]
[SourceVersion "1"]
[SourceVersionDate "2022.10.05"]
[SourceQuality "1"]
[WhiteTeam "Circulo de Amistad XII Enero"]
[BlackTeam "Playa San Juan"]
[WhiteTeamCountry "ESP"]
[BlackTeamCountry "ESP"]

1. e4 g6 2. d4 d6 3. f4 Bg7 4. h3 e5 5. Nf3 exd4 6. Bc4 Be6 7. Qe2 Bxc4 8. Qxc4 Ne7 9. Nxd4 0-0 10. 0-0 d5 11. exd5 Qxd5 12. Qxd5 Nxd5 13. c3 Nd7 14. Na3 a6 15. Nac2 Rfe8 16. Bd2 N7b6 17. Rae1 Rad8 18. Bc1 c6 19. f5 c5 20. Rxe8+ Rxe8 21. fxg6 hxg6 22. Nf3 Re2 23. Rf2 Re8 24. Kf1 Nc4 25. Re2 Rxe2 26. Kxe2 Ne5 27. Ne3 Nf4+ 28. Kd1 Nxf3 29. gxf3 Nxh3 30. Nd5 Ng1 31. f4 Nf3 32. Ke2 Nh4 33. Be3 c4 34. Nb6 Nf5 35. Bc5 Bh6 36. Kf3 Bf8 37. Bxf8 Kxf8 38. Nxc4 f6 39. Ke4 Ke7 40. b4 Ke6 41. Na5 Nd6+ 42. Kf3 Kd5 43. c4+ Nxc4 44. Nxb7 Nb6 45. Nc5 a5 46. Nd3 axb4 47. Nxb4+ Kc4 48. Nc6 Kc3 49. Ne7 g5 50. fxg5 fxg5 51. Kg4 Kb2 1/2-1/2

[Event "Santa Cruz de Tenerife op 30th"]
[Site "Santa Cruz de Tenerife"]
[Date "2019.12.18"]
[Round "4"]
[White "Hernandez Gutierrez, Acoraide"]
[Black "Martinez Rojas, Carlos Jose"]
[Result "0-1"]
[WhiteElo "1469"]
[BlackElo "2051"]
[PlyCount "93"]
[EventDate "2019.12.13"]
[EventType "swiss"]
[EventRounds "9"]
[EventCountry "ESP"]
[SourceTitle "CBM 194 Extra"]
[Source "ChessBase"]
[SourceDate "2020.03.31"]
[SourceVersion "1"]
[SourceVersionDate "2020.03.31"]
[SourceQuality "1"]

1. d4 c5 2. c3 e6 3. Bf4 Nf6 4. e3 cxd4 5. exd4 Nd5 6. Bg3 f5 7. h3 Nc6 8. Nf3 Be7 9. Bc4 Nb6 10. Bb3 d5 11. Nbd2 0-0 12. Be5 Nd7 13. Qe2 Ndxe5 14. Nxe5 Nxe5 15. Qxe5 a5 16. Nf3 a4 17. Bc2 a3 18. b3 Bd6 19. Qe2 Qc7 20. c4 Qa5+ 21. Nd2 Qc3 22. Rc1 Bb4 23. Qd3 Qb2 24. 0-0 Qxa2 25. Rb1 b6 26. Nf3 Ba6 27. Ne5 Rac8 28. Rfd1 Rc7 29. g4 g6 30. h4 Kh8 31. h5 gxh5 32. gxh5 Rg8+ 33. Kh1 Rg5 34. Rg1 Rxh5+ 35. Kg2 dxc4 36. bxc4 Bb7+ 37. Kf1 Rg7 38. Rxg7 Kxg7 39. Qg3+ Kf8 40. Nd7+ Ke7 41. Qg7+ Kd8 42. Qf6+ Kc7 43. Rxb4 Rh1+ 44. Ke2 Qxc2+ 45. Ke3 Rh3+ 46. Kf4 Qe4+ 47. Kg5 0-1

[Event "Santa Cruz de Tenerife op 30th"]
[Site "Santa Cruz de Tenerife"]
[Date "2019.12.17"]
[Round "3"]
[White "Diaz Reyes, Franklin"]
[Black "Hernandez Gutierrez, Acoraide"]
[Result "1-0"]
[WhiteElo "1779"]
[BlackElo "1469"]
[PlyCount "111"]
[EventDate "2019.12.13"]
[EventType "swiss"]
[EventRounds "9"]
[EventCountry "ESP"]
[SourceTitle "CBM 194 Extra"]
[Source "ChessBase"]
[SourceDate "2020.03.31"]
[SourceVersion "1"]
[SourceVersionDate "2020.03.31"]
[SourceQuality "1"]

1. e4 c5 2. Nf3 d6 3. d4 cxd4 4. Nxd4 Nf6 5. Nc3 Nc6 6. Be2 g6 7. Be3 Bg7 8. 0-0 0-0 9. Kh1 d5 10. exd5 Nxd5 11. Nxd5 Qxd5 12. Bf3 Qd6 13. Nxc6 bxc6 14. Qxd6 exd6 15. Bxc6 Rb8 16. Rab1 Bf5 17. Ba4 Rfc8 18. h3 Bxc2 19. Bxc2 Rxc2 20. Rfc1 Rbc8 21. Rxc2 Rxc2 22. Bxa7 Bxb2 23. a4 Bc3 24. Rb8+ Kg7 25. Ra8 Ra2 26. Bb6 Bb4 27. a5 Bc5 28. Rc8 Rxf2 29. Bxc5 dxc5 30. Rxc5 Ra2 31. Kh2 Ra3 32. h4 h5 33. Rb5 Kg8 34. Rb8+ Kg7 35. Ra8 Ra4 36. Kg3 Rg4+ 37. Kh3 Ra4 38. a6 Ra3+ 39. Kh2 Ra4 40. g3 Ra2+ 41. Kg1 Ra3 42. Kf2 Ra2+ 43. Ke3 Ra3+ 44. Kf4 Rb3 45. Rc8 Ra3 46. Rc6 Rb3 47. a7 Ra3 48. Rc7 Ra5 49. Ke4 Ra1 50. Kd5 Ra2 51. Kc6 Ra1 52. Kb7 Rb1+ 53. Kc8 Ra1 54. Kb8 Rb1+ 55. Rb7 Rd1 56. a8Q 1-0

[Event "Santa Cruz de Tenerife op 30th"]
[Site "Santa Cruz de Tenerife"]
[Date "2019.12.16"]
[Round "2"]
[White "Hernandez Gutierrez, Acoraide"]
[Black "Kraus, Oliver"]
[Result "1-0"]
[WhiteElo "1469"]
[BlackElo "1938"]
[PlyCount "75"]
[EventDate "2019.12.13"]
[EventType "swiss"]
[EventRounds "9"]
[EventCountry "ESP"]
[SourceTitle "CBM 194 Extra"]
[Source "ChessBase"]
[SourceDate "2020.03.31"]
[SourceVersion "1"]
[SourceVersionDate "2020.03.31"]
[SourceQuality "1"]

1. d4 c5 2. c3 Nf6 3. Bf4 cxd4 4. cxd4 d5 5. e3 Nc6 6. Nf3 Bf5 7. a3 e6 8. Be2 Be7 9. 0-0 Nh5 10. Be5 f6 11. Nh4 Bxb1 12. Bxh5+ g6 13. Bg3 Be4 14. Be2 g5 15. Nf3 h5 16. h3 Bd6 17. Nd2 Bg6 18. Qb3 Ne7 19. Qxb7 Kf7 20. Qa6 Bxg3 21. fxg3 Qb8 22. Nf3 Qxg3 23. Ne5+ Kg7 24. Qxe6 Qxe3+ 25. Kh1 Nf5 26. Qd7+ Kh6 27. Nxg6 Ng3+ 28. Kh2 Nxf1+ 29. Rxf1 Qxe2 30. Rxf6 g4 31. h4 g3+ 32. Kh3 Qg4+ 33. Qxg4 hxg4+ 34. Kxg4 Rhg8 35. Kf5 Kg7 36. h5 Rab8 37. Kg5 Rb6 38. h6+ 1-0

[Event "Tenerife-chT Segunda-A 1819"]
[Site "Tenerife"]
[Date "2019.03.23"]
[Round "11.2"]
[White "Perez Garcia, Jimena"]
[Black "Hernandez Gutierrez, Acoraide"]
[Result "1-0"]
[WhiteElo "1624"]
[BlackElo "1281"]
[PlyCount "51"]
[EventDate "2018.11.24"]
[EventType "team-tourn"]
[EventRounds "14"]
[EventCountry "ESP"]
[SourceTitle "CBM 189 Extra"]
[Source "ChessBase"]
[SourceDate "2019.06.03"]
[SourceVersion "1"]
[SourceVersionDate "2019.06.03"]
[SourceQuality "1"]
[WhiteTeam "Ebano Barrio Nuevo II"]
[BlackTeam "Playa San Juan"]
[WhiteTeamCountry "ESP"]
[BlackTeamCountry "ESP"]

1. d4 Nf6 2. c4 g6 3. Nc3 Bg7 4. e4 d6 5. f3 0-0 6. Bg5 Nbd7 7. Qd2 c5 8. d5 Nb6 9. 0-0-0 Bd7 10. h4 h5 11. Bh6 a6 12. Be2 Rb8 13. Bxg7 Kxg7 14. Nh3 Rh8 15. f4 Ng4 16. Rdf1 Qc7 17. Nf2 Nxf2 18. Rxf2 Rhf8 19. f5 Na4 20. Nxa4 Bxa4 21. Qc3+ Kh7 22. Rhf1 Qd8 23. fxg6+ fxg6 24. Rf7+ Rxf7 25. Rxf7+ Kh6 26. Qg7# 1-0

[Event "Tenerife-chT Segunda-A 1819"]
[Site "Tenerife"]
[Date "2019.01.12"]
[Round "4.2"]
[White "Hernandez Gutierrez, Acoraide"]
[Black "Ferrer Herrera, David Francisco"]
[Result "1/2-1/2"]
[WhiteElo "1281"]
[BlackElo "1586"]
[PlyCount "76"]
[EventDate "2018.11.24"]
[EventType "team-tourn"]
[EventRounds "14"]
[EventCountry "ESP"]
[SourceTitle "CBM 189 Extra"]
[Source "ChessBase"]
[SourceDate "2019.06.03"]
[SourceVersion "1"]
[SourceVersionDate "2019.06.03"]
[SourceQuality "1"]
[WhiteTeam "Playa San Juan"]
[BlackTeam "Ebano Barrio Nuevo II"]
[WhiteTeamCountry "ESP"]
[BlackTeamCountry "ESP"]

1. d4 d5 2. Bf4 Nf6 3. e3 Bf5 4. Nf3 h6 5. h3 Ne4 6. Be2 e6 7. 0-0 Nd7 8. Nbd2 Ndf6 9. c4 Nxd2 10. Nxd2 Bd6 11. Bxd6 Qxd6 12. c5 Qd7 13. b4 c6 14. a4 0-0 15. b5 Ne4 16. Nxe4 dxe4 17. bxc6 bxc6 18. Rb1 Rab8 19. Qc2 Qc7 20. Rxb8 Rxb8 21. Rb1 Bh7 22. Bc4 g5 23. Rxb8+ Qxb8 24. Qb3 Qc7 25. Qa2 Qa5 26. Qb3 Qc7 27. Qa2 h5 28. Qb3 Kg7 29. Be2 h4 30. Bc4 Qa5 31. Kf1 Qd2 32. Be2 Bg6 33. Qd1 Qb2 34. Kg1 f5 35. Bc4 Kf6 36. Qb3 Qc1+ 37. Bf1 Bh5 38. Qb8 Be2 1/2-1/2

[Event "Tenerife-chT Segunda 1718"]
[Site "Tenerife"]
[Date "2018.03.17"]
[Round "13.1"]
[White "De La Rosa Baez, Carlos"]
[Black "Hernandez Gutierrez, Acoraide"]
[Result "1-0"]
[WhiteElo "1523"]
[BlackElo "1277"]
[PlyCount "43"]
[EventDate "2017.11.11"]
[EventType "team-tourn"]
[EventRounds "14"]
[EventCountry "ESP"]
[SourceTitle "EXT 2019"]
[Source "ChessBase"]
[SourceDate "2018.10.10"]
[SourceVersion "1"]
[SourceVersionDate "2018.10.10"]
[SourceQuality "1"]
[WhiteTeam "Ebano Casa Venezuela"]
[BlackTeam "Playa San Juan"]
[WhiteTeamCountry "ESP"]
[BlackTeamCountry "ESP"]

1. Nf3 g6 2. c4 Bg7 3. g3 d6 4. Bg2 Nf6 5. 0-0 0-0 6. Nc3 Nbd7 7. d3 c5 8. Rb1 b6 9. Ne5 Nxe5 10. Bxa8 Bh3 11. Bg2 Qd7 12. b4 Bxg2 13. Kxg2 Qc6+ 14. Kg1 Qd7 15. Kg2 Qc6+ 16. f3 h5 17. Qb3 Nh7 18. bxc5 dxc5 19. Qb5 Qb7 20. Ne4 f5 21. Nxc5 Qa8 22. Ne6 1-0

[Event "Tenerife-chT Segunda 1718"]
[Site "Tenerife"]
[Date "2018.01.27"]
[Round "8.1"]
[White "Diaz Reyes, Killian"]
[Black "Hernandez Gutierrez, Acoraide"]
[Result "1-0"]
[WhiteElo "1565"]
[BlackElo "1277"]
[PlyCount "47"]
[EventDate "2017.11.11"]
[EventType "team-tourn"]
[EventRounds "14"]
[EventCountry "ESP"]
[SourceTitle "EXT 2019"]
[Source "ChessBase"]
[SourceDate "2018.10.10"]
[SourceVersion "1"]
[SourceVersionDate "2018.10.10"]
[SourceQuality "1"]
[WhiteTeam "Fundacion La Caja de Canarias"]
[BlackTeam "Playa San Juan"]
[WhiteTeamCountry "ESP"]
[BlackTeamCountry "ESP"]

1. e4 c5 2. Nf3 g6 3. d4 cxd4 4. Nxd4 Bg7 5. Nc3 d6 6. Be3 Nf6 7. Be2 0-0 8. 0-0 Bd7 9. f4 Nc6 10. Nb3 a6 11. g4 b5 12. a3 Qc8 13. f5 Ne5 14. g5 Ne8 15. Nd5 Qd8 16. Bb6 Qb8 17. Nxe7+ Kh8 18. Nd5 Bc6 19. Ba5 Bxd5 20. Qxd5 Kg8 21. f6 Bh8 22. Bc3 Qb6+ 23. Bd4 Qc7 24. Qxa8 1-0

[Event "Santa Cruz La Palma Christmas op"]
[Site "Santa Cruz de La Palma"]
[Date "2017.12.22"]
[Round "7.9"]
[White "Hernandez Gutierrez, Acoraide"]
[Black "Hernandez Capote, Carmen"]
[Result "0-1"]
[WhiteElo "1270"]
[BlackElo "1512"]
[PlyCount "112"]
[EventDate "2017.12.16"]
[EventType "swiss"]
[EventRounds "7"]
[EventCountry "ESP"]
[SourceTitle "EXT 2024"]
[Source "ChessBase"]
[SourceDate "2023.10.10"]
[SourceVersion "1"]
[SourceVersionDate "2023.10.10"]
[SourceQuality "1"]

1. d4 Nf6 2. Bf4 g6 3. e3 Bg7 4. Nf3 0-0 5. h3 c5 6. c3 b6 7. Be2 Bb7 8. 0-0 d6 9. Nbd2 Nbd7 10. Re1 Re8 11. Qc2 Rc8 12. Rac1 h6 13. Bh2 a6 14. Qb1 b5 15. e4 e5 16. d5 Nh5 17. g4 Nhf6 18. c4 b4 19. b3 Ra8 20. Bf1 Bc8 21. Bg3 Nh7 22. h4 Nb6 23. Nh2 Nf6 24. f3 a5 25. Qc2 a4 26. Ra1 Nh7 27. Be2 Kh8 28. Kh1 Bf6 29. h5 gxh5 30. gxh5 Rg8 31. Ng4 Bg5 32. Rg1 Nf6 33. Nxf6 Qxf6 34. Rg2 Bh3 35. Rh2 Bxd2 36. Rxh3 Bf4 37. Bxf4 Qxf4 38. Rh2 Rg5 39. Rg1 axb3 40. axb3 Rag8 41. Rxg5 Qxg5 42. Qd1 Nd7 43. Qf1 Nf6 44. Qg2 Qxg2+ 45. Rxg2 Rxg2 46. Kxg2 Nxh5 47. Bd1 Kg7 48. Kh3 Kg6 49. Kh4 Nf4 50. Kg4 Ng2 51. Be2 Ne3+ 52. Kh4 Nc2 53. Kg3 Kg5 54. Kh3 Kf4 55. Kg2 Ke3 56. Kf1 Nd4 0-1

[Event "Tenerife-chT Primera 1718"]
[Site "Tenerife"]
[Date "2017.12.09"]
[Round "4.4"]
[White "Bernardez Gonzalez, Roberto"]
[Black "Hernandez Gutierrez, Acoraide"]
[Result "1-0"]
[WhiteElo "1657"]
[BlackElo "1277"]
[PlyCount "61"]
[EventDate "2017.11.11"]
[EventType "team-tourn"]
[EventRounds "14"]
[EventCountry "ESP"]
[SourceTitle "CBM 187 Extra"]
[Source "ChessBase"]
[SourceDate "2018.11.04"]
[SourceVersion "1"]
[SourceVersionDate "2018.11.04"]
[SourceQuality "1"]
[WhiteTeam "El Sauzal Gofio Plus II"]
[BlackTeam "Playa San Juan III"]
[WhiteTeamCountry "ESP"]
[BlackTeamCountry "ESP"]

1. e4 c5 2. Nf3 g6 3. c3 Bg7 4. d4 cxd4 5. cxd4 d6 6. h3 Nf6 7. Nc3 0-0 8. Be2 b6 9. 0-0 Bb7 10. Bd3 Nbd7 11. b4 Rc8 12. Bb2 a6 13. Re1 Rc7 14. Qe2 Qa8 15. d5 Nh5 16. Qd2 Ne5 17. Nxe5 Bxe5 18. Ne2 Bxb2 19. Qxb2 Nf6 20. Qd4 Nd7 21. Bc4 Rfc8 22. Bb3 Rb8 23. f4 f6 24. Nc1 Rbc8 25. Nd3 Kf8 26. e5 f5 27. exd6 exd6 28. Qh8+ Kf7 29. Qxh7+ Kf8 30. Qxg6 Ne5 31. Qxd6+ 1-0

[Event "Tenerife-chT Primera 1718"]
[Site "Tenerife"]
[Date "2017.11.11"]
[Round "1.3"]
[White "Hernandez Gutierrez, Acoraide"]
[Black "Perez Garcia, Saul"]
[Result "0-1"]
[WhiteElo "1277"]
[BlackElo "1767"]
[PlyCount "70"]
[EventDate "2017.11.11"]
[EventType "team-tourn"]
[EventRounds "14"]
[EventCountry "ESP"]
[SourceTitle "CBM 187 Extra"]
[Source "ChessBase"]
[SourceDate "2018.11.04"]
[SourceVersion "1"]
[SourceVersionDate "2018.11.04"]
[SourceQuality "1"]
[WhiteTeam "Playa San Juan III"]
[BlackTeam "Ebano Casa Venezuela III"]
[WhiteTeamCountry "ESP"]
[BlackTeamCountry "ESP"]

1. d4 Nf6 2. Bf4 g6 3. e3 Bg7 4. Nf3 0-0 5. Be2 d6 6. h3 b6 7. 0-0 c5 8. c3 Bb7 9. Nbd2 Nbd7 10. Re1 Qc7 11. Rc1 a6 12. a4 Bc6 13. Bd3 b5 14. axb5 axb5 15. e4 e5 16. Bh2 c4 17. Bc2 Nh5 18. Qe2 Bb7 19. Rcd1 Ra2 20. Rb1 Rc8 21. Rec1 b4 22. Qe3 Qa5 23. Kh1 Nhf6 24. Kg1 b3 25. Bd1 Ne8 26. Be2 Nb6 27. Nf1 Na4 28. Qd2 Bxe4 29. Ra1 Nxb2 30. Qxb2 Rxb2 31. Rxa5 Rxe2 32. N1d2 b2 33. Rd1 Bc2 34. Rb5 Bxd1 35. Rxb2 exd4 0-1